LEADER 01485nam a2200301 i 4500 001 000000161480 003 CaOOAMICUS 005 20070517000000.0 008 070517s2001 it u000 u ita u 013 $a138843 020 $a88-06-15020-0 040 $aSeMil$bita 100 1 $aGrant, Edward.$0(OLS)http://semarc/name/42630 240 14$aThe foundations of modern science in the Middle Ages.$0(OLS)http://semarc/title/144597 245 13$aLe origini medievali della scienza moderna :$bil contesto religioso, istituzionale e intellettuale /$cEdward Grant ; [traduzione di Aldo Serafini]. 260 $aTorino :$bPiccola Biblioteca Einaudi,$c2001. 300 $aVIII, 366 p. ;$c20 cm. 490 0 $aPiccola biblioteca Einaudi. Nuova serie ;$v80 500 $aContiene : Bibliografia. 650 4$aScienze - Sec. 6.-14.$0(OLS)http://semarc/subject/17609 700 1 $aSerafini, Aldo,$d<1929- >.$0(OLS)http://semarc/name/10914 830 0$aPiccola biblioteca Einaudi. Nuova serie ;$v80.$0(OLS)http://semarc/title/7479 850 $aSeMil 852 $aSeMil$W1$xVenegono$y1$m3T I 203$j112879$B112879$CSeMilBibl$Z2$F123378 $81 961 $aAcquisto: Einaudi (Agente) 996 $6020$a88-06-15020-0$9(OLS)http://semarc/number/77534 996 $6245$aLe origini medievali della scienza moderna :$bil contesto religioso, istituzionale e intellettuale$9(OLS)http://semarc/title/144596 996 $6260$aTorino :$bPiccola Biblioteca Einaudi$9(OLS)http://semarc/publisher/34351 LEADER 01426nam a2200313 i 4500 001 000000338052 003 CaOOAMICUS 005 20191204145612.0 008 191120s1991 it u000 u fre u 013 $a215439 020 $a2-220-03196-9 040 $aSeMil$bita 100 1 $aCerteau, Michel : de,$c.$0(OLS)http://semarc/name/1065 245 12$aL'étranger ou l'union dans la différence /$cMichel de Certeau ; nouvelle édition établié et présentée par Luce Giard. 264 1$aParis :$bDesclée de Brouwer,$c1991. 300 $aXIII, 208 p. ;$c22 cm. 490 0 $aCollection DDB 650 4$aComunicazione - Aspetti sociali.$0(OLS)http://semarc/subject/25173 650 4$aDifferenza - Filosofia.$0(OLS)http://semarc/subject/3250 650 4$aAlterità - Filosofia.$0(OLS)http://semarc/subject/9791 650 4$aDio - Conoscibilità.$0(OLS)http://semarc/subject/1185 700 1 $aGiard, Luce.$0(OLS)http://semarc/name/21806 830 0$aCollection DDB.$0(OLS)http://semarc/title/42294 850 $aSeMil 852 $aSeMil$W1$xVenegono$y1$m2P IV 795$j217496$B229598$CSeMilBibl$Z2$F229598 $81 996 $6020$a2-220-03196-9$9(OLS)http://semarc/number/289234 996 $6245$aL'étranger ou l'union dans la différence$9(OLS)http://semarc/title/426950 996 $6264$aParis :$bDesclée de Brouwer$9(OLS)http://semarc/publisher/30132